000 00609nam a2200205Ii 4500
003 JO-AjNU
008 230605s9999||||xx |||||||||||||| ||und||
017 _a1978/1987
040 _aJO-AjNU
_bara
_erda
_cJO-AjNU
041 _aara
050 1 4 _aHB881.Z3.1976
100 3 _aعبدالباقي،زيدان,
_eauthor
_913618
245 0 0 _aاسس علم السكان
264 3 1 _aالقاهرة:مكتبة النهضة المصرية،1976
300 _a350ص
336 _atext
_btxt
_2rdacontent
337 _aunmediated
_bn
_2rdamedia
338 _avolume
_bnc
_2rdacarrier
650 4 _aالسكان
_913619
999 _aA3437
_c7005
_d7005